<?xml version="1.0" encoding="UTF-8"?>
<record
    xmlns:xsi="http://www.w3.org/2001/XMLSchema-instance"
    xsi:schemaLocation="http://www.loc.gov/MARC21/slim http://www.loc.gov/standards/marcxml/schema/MARC21slim.xsd"
    xmlns="http://www.loc.gov/MARC21/slim">

  <leader>02389nam a2200325 a 4500</leader>
  <controlfield tag="001">BRCA_4946</controlfield>
  <controlfield tag="005">20190320204855.0</controlfield>
  <controlfield tag="008">211010s1887----mx-####f#v---#000-0#spa-#</controlfield>
  <datafield tag="041" ind1=" " ind2=" ">
    <subfield code="a">spa</subfield>
  </datafield>
  <datafield tag="044" ind1=" " ind2=" ">
    <subfield code="a">mx</subfield>
  </datafield>
  <datafield tag="084" ind1=" " ind2=" ">
    <subfield code="a">DOC1</subfield>
    <subfield code="b">.H37</subfield>
    <subfield code="c">1887</subfield>
    <subfield code="p">D1995</subfield>
  </datafield>
  <datafield tag="100" ind1="1" ind2=" ">
    <subfield code="a">Hasburgo-Lorena, Mar&#xED;a Cristina</subfield>
    <subfield code="c">Reina Regente del Reino</subfield>
    <subfield code="d">1885-1902</subfield>
    <subfield code="e">Casa de Borb&#xF3;n [segunda restauraci&#xF3;n]</subfield>
    <subfield code="9">12565</subfield>
  </datafield>
  <datafield tag="245" ind1="1" ind2="0">
    <subfield code="a">Documento firmado por la Reina Regente del Reino y Fernando de Le&#xF3;n y Castillo</subfield>
    <subfield code="c">Mar&#xED;a Cristina Hasburgo-Lorena, Fernando de Le&#xF3;n y Castillo, Federico de Ram&#xF3;n.</subfield>
  </datafield>
  <datafield tag="260" ind1=" " ind2=" ">
    <subfield code="a">Madrid, Espa&#xF1;a</subfield>
    <subfield code="c">1887</subfield>
  </datafield>
  <datafield tag="300" ind1=" " ind2=" ">
    <subfield code="a">[1] foja</subfield>
    <subfield code="c">37 x 26 cm.</subfield>
  </datafield>
  <datafield tag="500" ind1=" " ind2=" ">
    <subfield code="a">Documento expedido a Don Federico de Ram&#xF3;n el 14 de abril de 1887 por la Reina Regente del Reino [Mar&#xED;a Cristina de Hasburgo-Lorena] y el Ministro de la Gobernaci&#xF3;n Fernando de Le&#xF3;n y Castillo</subfield>
  </datafield>
  <datafield tag="500" ind1=" " ind2=" ">
    <subfield code="a">Papel con marca de agua</subfield>
  </datafield>
  <datafield tag="500" ind1=" " ind2=" ">
    <subfield code="a">Al margen superior contiene sello Real Espa&#xF1;ol e inscripci&#xF3;n que dice: DON ALFONSO XIII. POR LA GRACIA DE DIOS Y LA CONSTITUCI&#xD3;N REY DE ESPA&#xD1;A. En su nombre y durante su menor edad LA REINA REGENTE DEL REINO</subfield>
  </datafield>
  <datafield tag="500" ind1=" " ind2=" ">
    <subfield code="a">Estado de conservaci&#xF3;n: contiene roturas y acidez</subfield>
  </datafield>
  <datafield tag="500" ind1=" " ind2=" ">
    <subfield code="a">Donaci&#xF3;n del Sr. Gonzalo Tassier 10 agosto 1995</subfield>
  </datafield>
  <datafield tag="505" ind1="0" ind2=" ">
    <subfield code="a">Contenido: LA REINA REGENTE DEL REYNO. Por cuanto atendiendo alm&#xE9;rito y servicios de vos Don Federico de Ram&#xF3;n he tenido a bien conoceros por Mi Real Decreto del doce del actual los honores de Jefe de Adminstraci&#xF3;n civil POR TANTO mando os sean guardados las consideraciones fueros y preeminencias que os correspondan como tal Jefe de Administraci&#xF3;n civil con arreglo al Real Decreto de Diez y ocho de junio de mil ochocientos cincuenta y dos y dem&#xE1;s disposiciones vigentes dado en Palacio a catorce de abril de mil chocientos ochenta y siete</subfield>
  </datafield>
  <datafield tag="506" ind1="0" ind2=" ">
    <subfield code="a">Fondo reservado: para su consulta es necesario credencial de usuario y carta de motivos.</subfield>
  </datafield>
  <datafield tag="546" ind1=" " ind2=" ">
    <subfield code="a">Texto en: espa&#xF1;ol de finales del siglo XIX</subfield>
  </datafield>
  <datafield tag="600" ind1="1" ind2="4">
    <subfield code="a">Hasburgo-Lorena, Mar&#xED;a Cristina</subfield>
    <subfield code="c">Reina Regente del Reino</subfield>
    <subfield code="d">1885-1902</subfield>
    <subfield code="e">Casa de Borb&#xF3;n [segunda restauraci&#xF3;n]</subfield>
    <subfield code="x">Historia</subfield>
    <subfield code="9">12566</subfield>
  </datafield>
  <datafield tag="651" ind1=" " ind2="4">
    <subfield code="a">Espa&#xF1;a</subfield>
    <subfield code="v">Impreso con r&#xFA;bricas</subfield>
    <subfield code="x">Historia</subfield>
    <subfield code="y">Siglo XIX</subfield>
    <subfield code="9">12567</subfield>
  </datafield>
  <datafield tag="700" ind1="1" ind2=" ">
    <subfield code="a">Le&#xF3;n y Castillo, Fernando</subfield>
    <subfield code="c">Ministro de Gobernaci&#xF3;n</subfield>
    <subfield code="d">1842-1918</subfield>
    <subfield code="9">12568</subfield>
  </datafield>
  <datafield tag="700" ind1="1" ind2=" ">
    <subfield code="a">Ram&#xF3;n, Federico de</subfield>
    <subfield code="c">Jefe de Administraci&#xF3;n Civil</subfield>
    <subfield code="9">12569</subfield>
  </datafield>
  <datafield tag="902" ind1=" " ind2=" ">
    <subfield code="a">DDH</subfield>
  </datafield>
  <datafield tag="942" ind1=" " ind2=" ">
    <subfield code="2">lcc</subfield>
    <subfield code="c">D</subfield>
  </datafield>
  <datafield tag="999" ind1=" " ind2=" ">
    <subfield code="c">4640</subfield>
    <subfield code="d">4640</subfield>
  </datafield>
  <datafield tag="952" ind1=" " ind2=" ">
    <subfield code="0">0</subfield>
    <subfield code="1">0</subfield>
    <subfield code="4">0</subfield>
    <subfield code="7">0</subfield>
    <subfield code="a">BRCA</subfield>
    <subfield code="b">BRCA</subfield>
    <subfield code="d">2010-10-21</subfield>
    <subfield code="l">0</subfield>
    <subfield code="o">DOC1 .H37 1887 D1995</subfield>
    <subfield code="p">5007</subfield>
    <subfield code="r">2019-03-22 00:00:00</subfield>
    <subfield code="w">2019-03-22</subfield>
    <subfield code="y">D</subfield>
  </datafield>
</record>
